[Event "Titled Tuesday intern op 06th May Early"]
[Site "Chess.com INT"]
[Date "2025.05.06"]
[Round "11"]
[White "Rabin, Evan Z"]
[Black "Huschenbeth, Niclas"]
[Result "0-1"]
[WhiteElo "1945"]
[BlackElo "2601"]
[PlyCount "60"]
[EventDate "2025.05.06"]
[EventType "swiss (blitz)"]
[EventRounds "11"]
[EventCountry "USA"]
[SourceTitle "CB20_2025"]
[SourceDate "2025.05.14"]
[SourceVersion "1"]
[SourceVersionDate "2025.05.14"]
[SourceQuality "1"]

1. e4 c5 2. Nf3 d6 3. d4 cxd4 4. Nxd4 Nf6 5. Nc3 a6 6. Be3 Ng4 7. Bg5 h6 8. Bh4 g5 9. Bg3 Bg7 10. Be2 h5 11. h4 gxh4 12. Rxh4 Nc6 13. Nb3 Be6 14. Qd2 Bf6 15. Rh1 h4 16. Bf4 Qb6 17. Bxg4 Bxg4 18. Nd5 Qd8 19. Nxf6+ exf6 20. Qxd6 Qxd6 21. Bxd6 Rd8 22. Bf4 Nb4 23. f3 Nxc2+ 24. Ke2 Nxa1 25. Rxa1 Be6 26. Nc5 Bc4+ 27. Ke3 b6 28. Nb7 Rd3+ 29. Kf2 Ke7 30. Nd6 Rxd6 0-1

[Event "Titled Tuesday intern op 18th Mar Late"]
[Site "Chess.com INT"]
[Date "2025.03.18"]
[Round "2"]
[White "Rabin, Evan Z"]
[Black "Domingo Nunez, Ruben"]
[Result "1-0"]
[WhiteElo "1945"]
[BlackElo "2414"]
[PlyCount "107"]
[EventDate "2025.03.18"]
[EventType "swiss (blitz)"]
[EventRounds "11"]
[EventCountry "USA"]
[SourceTitle "CB13_2025"]
[SourceDate "2025.03.26"]
[SourceVersion "1"]
[SourceVersionDate "2025.03.26"]
[SourceQuality "1"]

1. d4 g6 2. e4 Bg7 3. Nc3 c6 4. Nf3 d5 5. h3 dxe4 6. Nxe4 Nf6 7. Nxf6+ exf6 8. Bc4 0-0 9. 0-0 a5 10. Bf4 Na6 11. Re1 Nb4 12. c3 Nd5 13. Bh2 Be6 14. Nd2 Re8 15. Bd3 b5 16. Ne4 Bf8 17. a4 b4 18. Qd2 f5 19. Nc5 Bd6 20. Bxd6 Qxd6 21. Rad1 Nf4 22. Bf1 bxc3 23. bxc3 Rab8 24. Re5 Nd5 25. Rde1 Nc7 26. h4 Kg7 27. h5 f6 28. h6+ Kf8 29. R5e3 Bf7 30. Rxe8+ Rxe8 31. Rxe8+ Nxe8 32. Nb7 Qc7 33. Nc5 Nd6 34. Qb2 Bd5 35. Qa3 Ke8 36. Na6 Qe7 37. Qc5 Nb7 38. Qb6 Kf8 39. Nc7 Nd8 40. Nxd5 cxd5 41. Qxa5 Nf7 42. Qxd5 Nxh6 43. a5 Ng4 44. a6 Qe1 45. Qf3 Qa1 46. Qe2 Kg7 47. f3 Nh6 48. Qe7+ Nf7 49. a7 h5 50. Qb7 Qe1 51. a8Q Qe3+ 52. Kh1 Qf2 53. Qb1 h4 54. Qaa2 1-0

[Event "Titled Tuesday intern op 04th Feb Late"]
[Site "Chess.com INT"]
[Date "2025.02.04"]
[Round "2"]
[White "Grigorov, Grigor"]
[Black "Rabin, Evan Z"]
[Result "1-0"]
[WhiteElo "2497"]
[BlackElo "1945"]
[PlyCount "119"]
[EventDate "2025.02.04"]
[EventType "swiss (blitz)"]
[EventRounds "11"]
[EventCountry "USA"]
[SourceTitle "CB07_2025"]
[SourceDate "2025.02.12"]
[SourceVersion "1"]
[SourceVersionDate "2025.02.12"]
[SourceQuality "1"]

1. d4 Nf6 2. Nf3 e6 3. Bg5 c5 4. e3 cxd4 5. exd4 Qb6 6. Nbd2 Nc6 7. Bxf6 gxf6 8. Nc4 Qc7 9. c3 d5 10. Ne3 Bd7 11. g3 Bd6 12. Rc1 f5 13. a3 0-0-0 14. c4 dxc4 15. Bxc4 Kb8 16. 0-0 f4 17. Ng2 fxg3 18. hxg3 h5 19. Qe1 Qb6 20. Qe3 Ne7 21. Ne5 Nf5 22. Qe4 Bxe5 23. Qxe5+ Ka8 24. d5 Nd4 25. Nh4 exd5 26. Bxd5 Rde8 27. Qc7 Ne2+ 28. Kg2 Nxc1 29. Qxd7 Nd3 30. Bxf7 Rd8 31. Qf5 Rhf8 32. Ng6 Qc6+ 33. Kg1 Rxf7 34. Qxf7 Nxb2 35. Ne5 Qe8 36. Qf5 Rd5 37. Rc1 Rd8 38. Nf7 Rb8 39. Nd6 Qf8 40. Qd5 Qe7 41. Nb5 a6 42. Nc7+ Ka7 43. Qd4+ b6 44. Qxb2 Rb7 45. Nd5 Qd6 46. Qd4 a5 47. Rb1 Ka6 48. a4 Rd7 49. Qc4+ Ka7 50. Rxb6 Qxb6 51. Nxb6 Kxb6 52. Qb5+ Kc7 53. Qxa5+ Kc6 54. Qb5+ Kc7 55. Qxd7+ Kxd7 56. Kg2 Kc6 57. Kh3 Kb6 58. Kh4 Ka5 59. Kxh5 Kxa4 60. g4 1-0

[Event "Northern California op"]
[Site "Fremont"]
[Date "2012.01.05"]
[Round "5"]
[White "Piasetski, Leon David"]
[Black "Rabin, Evan Z"]
[Result "1-0"]
[WhiteElo "2305"]
[BlackElo "2035"]
[PlyCount "87"]
[EventDate "2012.01.02"]
[EventType "swiss"]
[EventRounds "9"]
[EventCountry "USA"]
[SourceTitle "CBM 146 Extra"]
[Source "ChessBase"]
[SourceDate "2012.02.29"]
[SourceVersion "1"]
[SourceVersionDate "2012.02.29"]
[SourceQuality "1"]

1. c4 Nf6 2. Nf3 c5 3. Nc3 g6 4. d4 cxd4 5. Nxd4 Bg7 6. e4 d6 7. Be2 0-0 8. 0-0 Nc6 9. Be3 Ng4 10. Bxg4 Bxg4 11. Qd2 Bd7 12. Rad1 Ne5 13. b3 Ng4 14. Bg5 h6 15. Bh4 Bxd4 16. Qxd4 e5 17. Bxd8 exd4 18. Be7 Rfe8 19. Nd5 Bc6 20. Bxd6 Rxe4 21. f3 Re6 22. Bc5 Ne3 23. Nc7 Nxd1 24. Rxd1 Rd8 25. Nxe6 fxe6 26. Rxd4 Rxd4 27. Bxd4 a6 28. Kf2 Kf7 29. h4 Ke7 30. Bg7 h5 31. Be5 Be8 32. Ke3 Kd7 33. Kd4 Kc6 34. Bf4 b5 35. c5 a5 36. Bd6 e5+ 37. Kxe5 Bd7 38. Kf6 Bf5 39. g4 hxg4 40. fxg4 Bb1 41. a3 b4 42. axb4 axb4 43. h5 gxh5 44. gxh5 1-0

[Event "Northern California op"]
[Site "Fremont"]
[Date "2012.01.04"]
[Round "4"]
[White "Rabin, Evan Z"]
[Black "Bryant, John Daniel"]
[Result "0-1"]
[WhiteElo "2035"]
[BlackElo "2401"]
[PlyCount "56"]
[EventDate "2012.01.02"]
[EventType "swiss"]
[EventRounds "9"]
[EventCountry "USA"]
[SourceTitle "CBM 146 Extra"]
[Source "ChessBase"]
[SourceDate "2012.02.29"]
[SourceVersion "1"]
[SourceVersionDate "2012.02.29"]
[SourceQuality "1"]

1. e4 c5 2. Nf3 d6 3. Bb5+ Nc6 4. d4 cxd4 5. Qxd4 Qa5+ 6. Nc3 Qxb5 7. Nxb5 Nxd4 8. Nfxd4 Kd8 9. Bd2 Bd7 10. 0-0-0 e5 11. Bb4 exd4 12. Nxd6 Bxd6 13. Bxd6 Ke8 14. Rxd4 Ne7 15. Rhd1 Bc6 16. c4 f6 17. b4 a6 18. f4 Kf7 19. g4 Rhe8 20. e5 fxe5 21. fxe5 Ng6 22. Re1 Re6 23. Rd3 Rae8 24. Rde3 Kg8 25. Kd2 Nh4 26. Rf1 Rh6 27. h3 g5 28. c5 Ng2 0-1

[Event "Northern California op"]
[Site "Fremont"]
[Date "2012.01.02"]
[Round "1"]
[White "Rabin, Evan Z"]
[Black "Ishkanov, Tigran"]
[Result "0-1"]
[WhiteElo "2035"]
[BlackElo "2350"]
[PlyCount "54"]
[EventDate "2012.01.02"]
[EventType "swiss"]
[EventRounds "9"]
[EventCountry "USA"]
[SourceTitle "CBM 146 Extra"]
[Source "ChessBase"]
[SourceDate "2012.02.29"]
[SourceVersion "1"]
[SourceVersionDate "2012.02.29"]
[SourceQuality "1"]

1. e4 e6 2. d4 d5 3. Nd2 Nf6 4. e5 Nfd7 5. c3 c5 6. Bd3 Nc6 7. Ne2 cxd4 8. cxd4 f6 9. exf6 Qxf6 10. Nf3 h6 11. Nf4 Bb4+ 12. Kf1 g5 13. Nh5 Qf7 14. Ng3 Bd6 15. a3 Rg8 16. Be3 Nf6 17. b4 Ng4 18. Ke2 Bd7 19. Rc1 a6 20. Kd2 Bf4 21. Rf1 e5 22. dxe5 Ncxe5 23. Nxe5 Nxe5 24. Re1 d4 25. Bxf4 Qxf4+ 26. Ke2 Bg4+ 27. f3 Bxf3+ 0-1

[Event "San Sebastian op 34th"]
[Site "San Sebastian"]
[Date "2011.04.23"]
[Round "9"]
[White "Rabin, Evan Z"]
[Black "Krulich, Roman"]
[Result "0-1"]
[WhiteElo "2035"]
[BlackElo "2225"]
[PlyCount "80"]
[EventDate "2011.04.16"]
[EventType "swiss"]
[EventRounds "9"]
[EventCountry "ESP"]
[SourceTitle "CBM 141 Extra"]
[Source "ChessBase"]
[SourceDate "2011.05.03"]
[SourceVersion "1"]
[SourceVersionDate "2011.05.03"]
[SourceQuality "1"]

1. e4 c5 2. Nf3 d6 3. Bb5+ Bd7 4. Bxd7+ Qxd7 5. c4 Nf6 6. Nc3 g6 7. d4 cxd4 8. Nxd4 Bg7 9. 0-0 0-0 10. f3 a6 11. Bg5 e6 12. Qd2 Nc6 13. Nde2 Ne5 14. b3 Rfc8 15. Rad1 Ne8 16. f4 Ng4 17. h3 f6 18. Bh4 Nh6 19. Na4 Qc7 20. Bf2 Rab8 21. Ba7 Ra8 22. Be3 Rab8 23. f5 b5 24. Nac3 b4 25. Na4 Nf7 26. Nf4 Qb7 27. Nb6 Rc6 28. fxe6 Ng5 29. Nbd5 Nxe4 30. Qd3 f5 31. g4 Be5 32. gxf5 gxf5 33. Kh2 Ng7 34. Bd4 Re8 35. Bxe5 dxe5 36. Rg1 exf4 37. Qxe4 fxe4 38. Nf6+ Kh8 39. Rd7 Qxd7 40. Nxd7 Rd8 0-1

[Event "New York State-ch 131st"]
[Site "Colonie"]
[Date "2009.09.05"]
[Round "2"]
[White "Benjamin, Joel"]
[Black "Rabin, Evan Z"]
[Result "1-0"]
[WhiteElo "2575"]
[BlackElo "2026"]
[PlyCount "33"]
[EventDate "2009.09.05"]
[EventType "swiss"]
[EventRounds "6"]
[EventCountry "USA"]
[SourceTitle "CBM 132 Extra"]
[Source "ChessBase"]
[SourceDate "2009.11.03"]
[SourceVersion "1"]
[SourceVersionDate "2009.11.03"]
[SourceQuality "1"]

1. d4 Nf6 2. c4 e6 3. Nf3 b6 4. g3 Ba6 5. Qc2 Bb7 6. Bg2 Bb4+ 7. Nbd2 c5 8. dxc5 Bxc5 9. 0-0 Be7 10. b3 0-0 11. Bb2 d6 12. Bxf6 Bxf6 13. Ng5 Bxg5 14. Bxb7 Nd7 15. Bxa8 Qxa8 16. Ne4 Be7 17. Nxd6 1-0

[Event "New York Marshall CC-ch 92nd"]
[Site "New York"]
[Date "2008.10.25"]
[Round "6"]
[White "Sobo, Henry C"]
[Black "Rabin, Evan Z"]
[Result "1/2-1/2"]
[WhiteElo "2101"]
[BlackElo "2027"]
[PlyCount "82"]
[EventDate "2008.10.17"]
[EventType "swiss"]
[EventRounds "9"]
[EventCountry "USA"]
[SourceTitle "EXT 2010"]
[Source "ChessBase"]
[SourceDate "2010.11.25"]
[SourceVersion "1"]
[SourceVersionDate "2010.11.25"]
[SourceQuality "1"]

1. c4 c6 2. g3 d5 3. Bg2 Nf6 4. Nf3 dxc4 5. Qc2 Be6 6. Ng5 Bd5 7. e4 h6 8. exd5 hxg5 9. dxc6 Nxc6 10. Bxc6+ bxc6 11. Qxc4 Qd5 12. Qxd5 cxd5 13. d3 g4 14. Nc3 e6 15. Be3 Nd7 16. Rc1 Ne5 17. Ke2 Nf3 18. Nb5 Rb8 19. Nc7+ Kd7 20. b3 d4 21. Bd2 Bd6 22. Na6 Rb5 23. b4 Nxd2 24. Kxd2 Bxb4+ 25. Nxb4 Rxb4 26. Rc2 Rhb8 27. h3 gxh3 28. Rxh3 Ke7 29. Rh5 Rb2 30. Rhc5 Rxc2+ 31. Kxc2 Kd7 32. Ra5 Rb7 33. f4 f6 34. Ra4 e5 35. fxe5 fxe5 36. Ra6 Ke7 37. g4 Kf7 38. g5 g6 39. Rf6+ Kg7 40. Re6 Rc7+ 41. Kd2 Rb7 1/2-1/2

[Event "New York State-ch 130th"]
[Site "Colonie"]
[Date "2008.08.30"]
[Round "2"]
[White "Rabin, Evan Z"]
[Black "Parry, Matthew"]
[Result "1-0"]
[WhiteElo "1985"]
[BlackElo "2270"]
[PlyCount "59"]
[EventDate "2008.08.30"]
[EventType "swiss"]
[EventRounds "6"]
[EventCountry "USA"]
[SourceTitle "CBM 126 Extra"]
[Source "ChessBase"]
[SourceDate "2008.11.05"]
[SourceVersion "1"]
[SourceVersionDate "2008.11.05"]
[SourceQuality "1"]

1. e4 e5 2. Bc4 Nc6 3. Nc3 Nf6 4. d3 Na5 5. Nge2 Bc5 6. 0-0 c6 7. Bg5 h6 8. Bxf6 Qxf6 9. Kh1 g5 10. Ng3 d6 11. Rb1 Nxc4 12. dxc4 Be6 13. Qd3 h5 14. Nf5 0-0-0 15. b4 Bd4 16. Nxd4 exd4 17. Ne2 c5 18. bxc5 dxc5 19. Qa3 Bxc4 20. Qxa7 Qc6 21. Rb6 Qxe4 22. Ng3 Qd5 23. Rfb1 Kd7 24. Rxb7+ Ke8 25. Rb8 d3 26. cxd3 Bxd3 27. Rxd8+ Qxd8 28. Rb8 Rh6 29. Rxd8+ Kxd8 30. Qxc5 1-0

[Event "Foxwoods op 09th"]
[Site "Connecticut"]
[Date "2007.04.04"]
[Round "1"]
[White "Rabin, Evan Z"]
[Black "Peric, Slavisa"]
[Result "1/2-1/2"]
[WhiteElo "2036"]
[BlackElo "2306"]
[PlyCount "117"]
[EventDate "2007.04.04"]
[EventType "swiss"]
[EventRounds "9"]
[EventCountry "USA"]
[SourceTitle "CBM 117 Extra"]
[Source "ChessBase"]
[SourceDate "2007.05.09"]
[SourceVersion "1"]
[SourceVersionDate "2007.05.09"]
[SourceQuality "1"]

1. e4 e6 2. d4 d5 3. Nd2 dxe4 4. Nxe4 Bd7 5. Nf3 Bc6 6. Bd3 Nd7 7. Bf4 Ngf6 8. Qe2 Nxe4 9. Bxe4 Bxe4 10. Qxe4 c6 11. 0-0 Be7 12. Ne5 Nf6 13. Qd3 0-0 14. Rad1 Qa5 15. Nc4 Qd5 16. Rfe1 Rad8 17. Re5 Qd7 18. Qg3 Nd5 19. Bh6 Bf6 20. Ree1 Kh8 21. Bg5 Qe7 22. Bxf6 Qxf6 23. c3 Qf4 24. Qxf4 Nxf4 25. Re4 Nd5 26. Rde1 Kg8 27. g3 Nf6 28. Re5 Rd5 29. Rxd5 cxd5 30. Nd2 Rc8 31. Kf1 Ne8 32. Ke2 Nd6 33. Kd3 Rc6 34. a4 Kf8 35. b3 Ke7 36. f3 Kd7 37. Rc1 f6 38. Re1 a6 39. c4 dxc4+ 40. bxc4 b6 41. Rc1 e5 42. dxe5 fxe5 43. Nb3 Nb7 44. Kc3 b5 45. axb5 axb5 46. Kb4 bxc4 47. Rxc4 Rxc4+ 48. Kxc4 Kd6 49. Nd2 h6 50. Kd3 Nc5+ 51. Ke3 Kd5 52. f4 g6 53. fxe5 Kxe5 54. Nf3+ Kf5 55. h3 g5 56. g4+ Kf6 57. h4 gxh4 58. Nxh4 Kg5 59. Nf5 1/2-1/2

[Event "New York Marshall CC-ch 90th"]
[Site "New York"]
[Date "2006.12.09"]
[Round "7"]
[White "Paciulli, Frank"]
[Black "Rabin, Evan Z"]
[Result "1/2-1/2"]
[WhiteElo "2026"]
[BlackElo "2028"]
[PlyCount "65"]
[EventDate "2006.12.01"]
[EventType "swiss"]
[EventRounds "9"]
[EventCountry "USA"]
[SourceTitle "CBM 115 Extra"]
[Source "ChessBase"]
[SourceDate "2007.01.10"]
[SourceVersion "1"]
[SourceVersionDate "2007.01.10"]
[SourceQuality "1"]

1. e4 Nf6 2. e5 Nd5 3. d4 d6 4. Nf3 dxe5 5. Nxe5 g6 6. Bc4 c6 7. Bb3 Bg7 8. 0-0 0-0 9. Re1 Be6 10. Nd2 Nd7 11. Ndf3 Nxe5 12. Nxe5 Nc7 13. c3 Qd6 14. Bf4 Nd5 15. Bg3 Qd8 16. Nf3 a5 17. Be5 b5 18. Bxg7 Kxg7 19. Ng5 Bf5 20. Qf3 h6 21. Ne4 a4 22. Bxd5 Qxd5 23. Qe3 Bxe4 24. Qxe4 Qxe4 25. Rxe4 e6 26. Rae1 Rfd8 27. Re5 Rd5 28. f4 Rb8 29. a3 Rc8 30. Kf2 Rcd8 31. Kf3 Rxe5 32. fxe5 Rd5 33. Ke4 1/2-1/2